000 01368nam0a22002771 4500
001 v19\rc\1808597
005 20260406210144.0
035 _a(NLR Aleph) 004909017
090 _a5457053
_c5457053
100 _a20071224d19061906|||y0rusy50 ca
101 0 _arus
102 _aRU
105 _ay z |||c|
200 1 _aОбщий исторический очерк деятельности Одесского Свято-Андреевского братства за истекшее в 1905 году 25-летие его существования, с более подробными сведениями за последний 1905 год
210 _aОдесса
_d1906
215 _a31 с.
_d24
311 _aИз "Херсон. епарх. вед." за 1906 г.
488 0 _12001#$aХерсонские епархиальные ведомости$v1906
_tХерсонские епархиальные ведомости
710 0 2 _aОдесское епархиальное Свято-Андреевское братство
_9430238
_3RU\NLR\AUTH\889966939
712 0 2 _aОдесское епархиальное Свято-Андреевское братство
_9430238
_3RU\NLR\AUTH\889966939
801 0 _aRU
_bNLR
_gpsbo
801 0 _aRU
_bRuMoRGB
_2psbo
801 1 _aRU
_bProSoft-M
_2rusmarc
852 _aNLR
_j19.117.6.106
942 _cBOOK
980 _aNB